LEADER 00888nam a2200217 i 4500 001 000000037510 003 CaOOAMICUS 005 20120412000000.0 008 120412s1949 it u000 u ita u 013 $a7795 040 $aSeMil$bita 245 13$aIl Simbolo degli apostoli. 300 $a659 p. 500 $aContiene : Appendice. 650 4$aSimboli di fede - Simbolo Apostolico - Catechesi.$0(OLS)http://semarc/subject/4831 700 1 $aCastegnaro, Bortolo.$0(OLS)http://semarc/name/11947 773 0 $aCastegnaro, Bortolo$tCatechismo agli adulti.$bnona edizione nuovamente riveduta ed aggiornata.$dVicenza : S. A. Giovanni Galla, stampa 1949-stampa 1950.$gVolume1$w()26591 850 $aSeMil 852 $aSeMil$W1$xVenegono$y1$m2D I 1$j3665$B3665$CSeMilBibl$Z2$F3665 $81 961 $aOmaggio: Deposito 996 $6245$aIl Simbolo degli apostoli$9(OLS)http://semarc/title/52543 LEADER 00633naa a2200157 i 4500 001 000000294470 003 CaOOAMICUS 005 20180831172507.0 008 180831n xx u000 u und u 013 $a1748 040 $aSeMil$bita 100 1 $aPoggi, Vincenzo,$c.$0(OLS)http://semarc/name/90421 245 10$aArabismo gesuita nei secoli 16.-18. 650 4$aGesuiti - Storia.$0(OLS)http://semarc/subject/4681 773 0 $tEulogema.$dRoma : Pontificio Ateneo S. Anselmo, 1993.$kStudia Anselmiana. Analecta liturgica$kStudia Anselmiana$w()43664 996 $6245$aArabismo gesuita nei secoli 16.-18.$9(OLS)http://semarc/title/370555